Statistics for Premier League Players Nationalities

Click here to take the quiz!

General Stats

  • This quiz has been taken 2,672 times
    (2,658 since last reset)
  • The average score is 15 of 30

Answer Stats

Hint Answer % Correct
Christian BentekeBelgium
95%
Bryan RuizCosta Rica
79%
Martin SkrtelSlovakia
78%
Johan DjourouSwitzerland
76%
Adel TaarabtMorocco
70%
Emmanuel AdebayorTogo
66%
Antonio ValenciaEcuador
64%
Davide SantonItaly
63%
Junior HoilettCanada
61%
Wilson PalaciosHonduras
60%
Jonathan De GuzmanNetherlands
59%
Gaston RamirezUruguay
59%
Costel PantillimonRomania
59%
Winston ReidNew Zealand
58%
Jussi JaaskelainenFinland
58%
Stiliyan PetrovBulgaria
55%
Hugo RodallegaColombia
50%
Kenwyne JonesTrinidad and Tobago
48%
Arouna KoneIvory Coast
47%
Zoltan GeraHungary
47%
Ali Al-HabsiOman
36%
Jean BeausejourChile
35%
Boaz MyhillWales
34%
Alex KaciniklicSweden
33%
Mohammed DiameSenegal
33%
Jobi McAnuffJamaica
29%
Stephane SessegnonBenin
28%
Modibo MaigaMali
25%
Youssef MulumbuDR Congo
20%
Emerson BoyceBarbados
14%

Score Distribution

Percentile by Number Answered

Percent of People with Each Score

Your Score History

You have not taken this quiz since the last reset